000 00453nam a22001337a 4500
999 _c524531
_d524531
020 _a9788194753728
082 _aT446x54 In2\2022
245 _aInsolvency and Bankruptcy Code: idea, impressions and implementation
_cby Insolvency and Bankruptcy Board of India
260 _aNew Delhi
_bThe author
_c2022
300 _a381p.
650 _aIndia. Insolvency and Bankruptcy Code
_942442
650 _aBankruptcy - India
_942443
650 _aBankruptcy
_942444